Dinámicas sociales que inciden en las manifestaciones suicidas en estudiantes entre los 9 y 17 años, de las instituciones educativas del municipio de Soledad, Atlántico durante el año 2024 (Registro nro. 50278)

Detalles MARC
000 -LEADER
fixed length control field 03141nam a2200277Ia 4500
003 - CONTROL NUMBER IDENTIFIER
control field CO-CtgCURN
005 - DATE AND TIME OF LATEST TRANSACTION
control field 20260122220800.0
008 - FIXED-LENGTH DATA ELEMENTS--GENERAL INFORMATION
fixed length control field 260122s2025 xx 000 0 und d
040 ## - CATALOGING SOURCE
Original cataloging agency CO-CtgCURN
Language of cataloging spa
Transcribing agency coctgcurn
082 ## - DEWEY DECIMAL CLASSIFICATION NUMBER
Classification number TSO 2025
Item number A185d
100 ## - MAIN ENTRY--PERSONAL NAME
Personal name Acosta Segura, Gisella Camila
Relator term autora
245 #0 - TITLE STATEMENT
Title Dinámicas sociales que inciden en las manifestaciones suicidas en estudiantes entre los 9 y 17 años, de las instituciones educativas del municipio de Soledad, Atlántico durante el año 2024
Medium [electronic resource] /
Statement of responsibility, etc. Gisella Camila Acosta Segura; Luz Nevy Terraza Pupo; asesor., Rosario Joaquín Reales Vega
260 ## - PUBLICATION, DISTRIBUTION, ETC.
Place of publication, distribution, etc. Barranquilla, Atlántico :
Name of publisher, distributor, etc. Corporación Universitaria Rafael Núñez,
Date of publication, distribution, etc. 2025
300 ## - PHYSICAL DESCRIPTION
Extent 1 recurso en linea ( 93 páginas (PDF))
502 ## - DISSERTATION NOTE
Dissertation note Trabajo de Grado (Trabajador Social). Corporación Universitaria Rafael Nuñez. Facultad de Ciencias Sociales y Humanas. Programa de Trabajo Social, 2025
504 ## - BIBLIOGRAPHY, ETC. NOTE
Bibliography, etc. note Incluye referencias bibliográficas
520 ## - SUMMARY, ETC.
Summary, etc. En los últimos años, el suicidio en adolescente se ha consolidado como una de las problemáticas sociales y de salud pública más preocupantes en Colombia, afectando especialmente a municipios en desarrollo como Soledad, Atlántico. Este fenómeno, lejos de ser un hecho aislado o individual, está estrechamente relacionado con una serie de dinámicas sociales, culturales, familiares y económicas que configuran el entorno cotidiano de los jóvenes. En Soledad, las condiciones de desigualdad social, la desintegración familiar y la violencia intrafamiliar constituyen factores que deterioran la estabilidad emocional de los adolescentes. Esta investigación busca analizar las dinámicas sociales que inciden en las manifestaciones suicidas en estudiantes entre los 9 y 17 años, de las instituciones educativas del municipio de Soledad, Atlántico, identificando los factores relevantes que las incrementan. La investigación se fundamenta en la necesidad de comprender las ideaciones suicidas adolescente no solo como un problema psicológico, sino como el reflejo de una sociedad que requiere fortalecer sus lazos familiares, comunitarios e institucionales para garantizar el bienestar emocional y social de su juventud. A pesar de la gravedad de las manifestaciones suicidas en la población infantil y adolescente, se constituyen como un fenómeno social y de salud pública, en el contexto colombiano aún son escasas las investigaciones que abordan esta problemática desde una perspectiva social, familiar y comunitaria, especialmente en municipios en desarrollo como Soledad, Atlántico.
521 ## - TARGET AUDIENCE NOTE
Target audience note AREA PROFESIONAL
590 ## - LOCAL NOTE (RLIN)
Local note Programa de Trabajo Social_26
650 ## - SUBJECT ADDED ENTRY--TOPICAL TERM
Topical term or geographic name entry element Derecho
Form subdivision Tesis y disertaciones académicas
700 ## - ADDED ENTRY--PERSONAL NAME
Personal name Reales Vega, Rosario Joaquín
Relator term asesor
700 ## - ADDED ENTRY--PERSONAL NAME
Personal name Terraza Pupo, Luz Nevy
Relator term autora
856 ## - ELECTRONIC LOCATION AND ACCESS
Uniform Resource Identifier <a href="https://unicurn.sharepoint.com/:b:/s/biblioteca/IQAaJ3namMPARZm1n0auk2acAe1xnSw9KvX6elYI9PP5lXE?e=Vf3L4G">https://unicurn.sharepoint.com/:b:/s/biblioteca/IQAaJ3namMPARZm1n0auk2acAe1xnSw9KvX6elYI9PP5lXE?e=Vf3L4G</a>
Link text Consulte aquí el texto completo
942 ## - ADDED ENTRY ELEMENTS (KOHA)
Koha item type Trabajos de grado
Classification part TSO 2025
Item part A185d
Source of classification or shelving scheme Dewey Decimal Classification
Existencias
Withdrawn status Lost status Source of classification or shelving scheme Damaged status Not for loan Collection Home library Current library Shelving location Date acquired Inventory number Total checkouts Full call number Barcode Date last seen Copy number Price effective from Koha item type
    Dewey Decimal Classification     Trabajos de grado Miguel Henríquez Castañeda Barranquilla Miguel Henríquez Castañeda Barranquilla Trabajo de grado 01/22/2026 05486   TSO 2025 A185d 05486 01/22/2026 ej.1 01/22/2026 Trabajos de grado